000 00482nam a2200193Ia 4500
008 180523s9999 xx 000 0 und d
020 _a81-7169-436-5
050 _aMAIN GE 70
050 _b.R36 2004
100 _aRao, V.K.
245 0 _aEnvironmental education /
245 0 _cV.K. Rao, R. S. Reddy.
260 _aNew Delhi :
260 _bCommonwealth Publishers,
260 _c2004
300 _a248 pages :
300 _c21 cm.
650 _aEnvironmental education.
999 _c356687
_d356687